000 00738 a2200217 4500
999 _c4857
_d4857
020 _a9789988550318
050 0 0 _aHT 1332 HAN 2002
100 1 _aHansen, Thorkild,
_d1927-1989.
_eauthor
245 1 0 _aCoast of slaves =
_bSlavernes kyst /
_cThorkild Hansen ; translated by Kari Dako ; illustrations by Birte Lund.
264 _aAccra :
_bSub-Saharan Publishers,
_c2002.
300 _a288p.:
_bill. (some col.), maps ;
500 _aincludes index
504 _aIncludes bibliographical references
650 0 _aSlave trade
650 0 _aSlavery
650 0 _aDanes
_xHistory.
651 0 _aGhana
700 _aKari Dako
_etranslator
942 _2lcc
_cBK
_h1332
_iHAN
_kHT